01078nam a2200229 a 450000100100000000500170001000800410002704000250006808200220009310000290011524500730014425000110021726000570022830000210028549000280030650400730033459000750040783000350048295201930051795201210071099900170083100003481420200930073924.0111020s1953 ag 000 0 spa d aDO-SdBNPbspacBNPHU axxxxbR763f, 19531 aRomero, Francisco94024210aFilosofía contemporánea :bestudios y notas /cFrancisco Romero. a3a ed. aBuenos Aires :bArtes Gráficas Bartolomé,c1953. a181 p. ;c20 cm.1 aBiblioteca Filosófica aIncluye referencias bibliográficas y notas al pie de las páginas aPerteneció a la biblioteca personal de Juan Isidro Jimenes Grullón 0aBiblioteca Filosófica960334 001050718MOaGRbGRcCTd2011-10-20iLF1l0oxxxx R763f, 1953p34814-10r2020-06-25w2020-06-25y1zPerteneció a la biblioteca personal de Juan Isidro Jimenes GrullónZNo se presta 0010507-18MOaGRbGRcOId2011-10-20iLF1l0oxxxx R763f, 1953p34815-10r2020-06-25w2020-06-25y1ZNo se presta c34305d34305